| 000 | 01150nam a2200289 a 4500 | ||
|---|---|---|---|
| 001 | 000030063 | ||
| 003 | DO-SdBNP | ||
| 005 | 20250924073803.0 | ||
| 007 | ta | ||
| 008 | 110415s1987 dr 000 0 spa d | ||
| 040 |
_aDO-SdBNP _bspa _cBNPHU |
||
| 082 |
_axxx _bR696b _222 |
||
| 100 | 1 |
_aRodríguez Cruz, Águeda, _d1933- _956275 |
|
| 245 | 1 | 3 |
_aLa bula in apostolatus culmine erectora de la Universidad de Santo Domingo primada de América : _bsu autenticidad y legitimidad / _cSor Águeda Rodríguez Cruz ; presentación de Franklin Almeyda Rancer. |
| 260 |
_aSanto Domingo : _bEditora Universitaria, _c1987. |
||
| 300 |
_a41 p. ; _c20 cm. |
||
| 490 | 1 |
_aPublicaciones de la Universidad Autónoma de Santo Domingo _v610 |
|
| 490 | 1 |
_aHistoria y sociedad _v81 |
|
| 500 | _aIncluye datos biográficos de la autora en la contracubierta. | ||
| 500 | _aIncluye notas al pie de las páginas. | ||
| 590 | _aInventariado, 2023 / DG | ||
| 700 | 1 |
_aAlmeyda Rancer, Franklin _956765 |
|
| 830 |
_aPublicaciones de la Universidad Autónoma de Santo Domingo _v610 _952 |
||
| 830 | 0 |
_aHistoria y sociedad; _v81 _913749 |
|
| 910 | _aDG | ||
| 942 |
_2ddc _cLBS1 |
||
| 999 |
_c29555 _d29555 |
||